| 000 | 00651nam a2200205Ii 4500 | ||
|---|---|---|---|
| 003 | JO-AjNU | ||
| 008 | 230605s9999||||xx |||||||||||||| ||und|| | ||
| 040 |
_aJO-AjNU _bara _erda _cJO-AjNU |
||
| 041 | _aara | ||
| 050 | 1 | 4 | _aPJ8060.M84 1992 |
| 100 | 3 |
_aتأليف مجموعة من المؤلفين, _eauthor _920494 |
|
| 245 | 0 | 0 | _aمختارات من الشعر في الأردن |
| 250 | _aط1 | ||
| 264 | 3 | 1 | _aعمان:وزارة الثقافة،1992 |
| 300 | _a235ص | ||
| 336 |
_atext _btxt _2rdacontent |
||
| 337 |
_aunmediated _bn _2rdamedia |
||
| 338 |
_avolume _bnc _2rdacarrier |
||
| 650 | 4 |
_aالشعر العربي - الأردن _920495 |
|
| 999 |
_aA6955 _c10523 _d10523 |
||